UBT Library

Critical thinking, reading, and writing : (Record no. 42210)

000 -LEADER
fixed length control field 00672cam a2200241 a 4500
001 - CONTROL NUMBER
control field 13489973
005 - DATE AND TIME OF LATEST TRANSACTION
control field 20180209033947.0
008 - FIXED-LENGTH DATA ELEMENTS--GENERAL INFORMATION
fixed length control field 040213s2005 maua 001 0 eng
010 ## - LIBRARY OF CONGRESS CONTROL NUMBER
LC control number 2004102165
020 ## - INTERNATIONAL STANDARD BOOK NUMBER
International Standard Book Number 9780312412753
020 ## - INTERNATIONAL STANDARD BOOK NUMBER
International Standard Book Number 0312412754
035 ## - SYSTEM CONTROL NUMBER
System control number (DLC) 2004102165
040 ## - CATALOGING SOURCE
Original cataloging agency DLC
Transcribing agency DLC
Modifying agency DLC
041 ## - LANGUAGE CODE
Language code of text/sound track or separate title eng
080 ## - UNIVERSAL DECIMAL CLASSIFICATION NUMBER
Universal Decimal Classification number 37 BAR
082 ## - DEWEY DECIMAL CLASSIFICATION NUMBER
Edition number 37 BAR
100 ## - Rafti
Rafti 48
101 ## - Shkurtesa
Shkurtesa EDU
245 00 - TITLE STATEMENT
Title Critical thinking, reading, and writing :
Statement of responsibility, etc [edited by] Sylvan Barnet, Hugo Bedau.
906 ## - LOCAL DATA ELEMENT F, LDF (RLIN)
a 7
b cbc
c orignew
d 2
e epcn
f 20
g y-gencatlg
942 ## - ADDED ENTRY ELEMENTS (KOHA)
Source of classification or shelving scheme
Item type Books
Holdings
Withdrawn status Lost status Source of classification or shelving scheme Damaged status Not for loan Collection code Permanent location Current location Shelving location Date acquired Total Checkouts Full call number Barcode Date last seen Price effective from Koha item type
          Koleksioni i përgjithshem UBT - Lipjan UBT - Lipjan Koleksioni i përgjithshem 02/09/2018   37 BAT 002-2999129 02/09/2018 02/09/2018 Books
UBT Library © 2015-2024. All rights reserved University Education for Business and Technology